| 000 | 01208pam a2200337 a 4500 | ||
|---|---|---|---|
| 001 | 2598219 | ||
| 003 | OSt | ||
| 005 | 20150211125915.0 | ||
| 008 | 970606s1997 gaua b 001 0 eng c | ||
| 010 | _a 97025311 | ||
| 020 | _a0912423161 (pbk. : alk. paper) | ||
| 040 |
_aDNLM/DLC _cDLC _dDLC |
||
| 050 | 0 | 0 |
_aRC927 _b.P67 1997 |
| 060 | 1 | 0 | _aWE 344 P953 1997 |
| 082 | 0 | 0 |
_aWE 344 PRI 1997 _221 |
| 245 | 0 | 0 |
_aPrimer on the rheumatic diseases / _cJohn H. Klippel, editor ; Cornelia M. Weyand, associate editor, Robert L. Wortmann, associate editor. |
| 250 | _a11th ed. | ||
| 260 |
_aAtlanta, Ga. : _bArthritis Foundation, _cc1997. |
||
| 300 |
_axiii, 513 p. : _bill. ; _c28 cm. |
||
| 504 | _aIncludes bibliographical references and index. | ||
| 650 | 0 |
_aRheumatism. _92784 |
|
| 650 | 0 |
_aArthritis. _92785 |
|
| 650 | 1 | 2 |
_aArthritis. _92786 |
| 650 | 2 | 2 |
_aRheumatic Diseases. _92787 |
| 700 | 1 |
_aKlippel, John H. _92788 |
|
| 700 | 1 |
_aWeyand, Cornelia M. _92789 |
|
| 700 | 1 |
_aWortmann, Robert. _92790 |
|
| 906 |
_a7 _bcbc _corignew _d1 _eocip _f19 _gy-gencatlg |
||
| 942 |
_2z _cSLOAN |
||
| 999 |
_c1029 _d1029 |
||